00225nam a22000857a 4500008004100000100003100041245002700072260003000099300001000129240308b |||||||| |||| 00| 0 eng d aTrakabhushan, Pramathanath aBangla vaisnav darshan bShri Guru Library,c1964. a326p.